| 000 | 00559nam a2200193 a 4500 | ||
|---|---|---|---|
| 005 | 20140310183333.0 | ||
| 008 | 060901s19uu xx 00 eng d | ||
| 020 | _a978750679046 | ||
| 050 |
_aTX 911.3.M27 _b.L377 2006 |
||
| 100 | _aLashley, Conrad | ||
| 245 |
_aTimeshare resort operations : _ba guide to management practice / |
||
| 260 |
_aAmsterdam : _bElsevier, _c2006. |
||
| 300 |
_a324 p. : _bill. ; _c24 cm. |
||
| 521 | _aTOU | ||
| 650 |
_aHospitality industry _xManagement. |
||
| 700 | _aLashley, Conrad | ||
| 942 |
_cBK _2lcc _kFOR |
||
| 999 |
_c21622 _d21622 |
||